Fabricantes con más títulos de las 24 horas de Le Mans - Estadísticas

Estadísticas generales
  • Esta prueba ha sido intentada 27 veces
  • La puntuación promedio es 13 de 25
Estadísticas de respuestas
Última victoria Victorias totales Fabricante % Correcto
2025 12 Ferrari
100%
2017 19 Porsche
88%
1999 1 BMW
81%
1952 1 Mercedes
81%
2022 5 Toyota
81%
2014 13 Audi
75%
1969 4 Ford
69%
2009 3 Peugeot
69%
1995 1 McLaren
63%
1934 4 Alfa Romeo
56%
1991 1 Mazda
56%
1959 1 Aston Martin
50%
2003 6 Bentley
50%
1978 1 Alpine
44%
1939 2 Bugatti
44%
1990 7 Jaguar
44%
1989 1 Sauber
44%
1975 1 Mirage
31%
1935 1 Lagonda
25%
1980 1 Rondeau
25%
1938 1 Delahaye
19%
1926 2 Lorraine-Dietrich
19%
1974 3 Matra-Simca
19%
1950 1 Talbot-Lago
19%
1923 1 Chenard & Walcker
13%
No se encontraron pruebas coincidentes
Distribución de puntuación
Porcentaje de gente con cada puntuación
Porcentaje por número respondido
Historial de tus puntuaciones
No has intentado esta prueba.